2010: Druhá vesmírná odysea (Record no. 21781)
[ view plain ]
| 000 -LEADER | |
|---|---|
| fixed length control field | 01346nam a2200385 a 4500 |
| 001 - CONTROL NUMBER | |
| control field | 21781 |
| 003 - CONTROL NUMBER IDENTIFIER | |
| control field | VRT |
| 005 - DATE AND TIME OF LATEST TRANSACTION | |
| control field | 20260309143834.0 |
| 008 - FIXED-LENGTH DATA ELEMENTS--GENERAL INFORMATION | |
| fixed length control field | 250414s1991 CS 0 cze |
| 020 ## - INTERNATIONAL STANDARD BOOK NUMBER | |
| International Standard Book Number | 8020801782 |
| 035 ## - SYSTEM CONTROL NUMBER | |
| System control number | SNK000074112 |
| 039 #9 - LEVEL OF BIBLIOGRAPHIC CONTROL AND CODING DETAIL [OBSOLETE] | |
| Level of rules in bibliographic description | 202504141428 |
| Level of effort used to assign nonsubject heading access points | VLOAD |
| Level of effort used to assign subject headings | 202403181926 |
| Level of effort used to assign classification | VLOAD |
| Level of effort used to assign subject headings | 202305121214 |
| Level of effort used to assign classification | AUTHORITY |
| Level of effort used to assign subject headings | 202305121200 |
| Level of effort used to assign classification | AUTHORITY |
| 040 ## - CATALOGING SOURCE | |
| Original cataloging agency | SNK |
| Language of cataloging | slo |
| Transcribing agency | SNK |
| Description conventions | AACR2 |
| 041 0# - LANGUAGE CODE | |
| Language code of text/sound track or separate title | cze |
| 044 ## - COUNTRY OF PUBLISHING/PRODUCING ENTITY CODE | |
| MARC country code | [CS] |
| 080 ## - UNIVERSAL DECIMAL CLASSIFICATION NUMBER | |
| Universal Decimal Classification number | 820(73)-31=850 |
| Edition identifier | 1981 |
| 080 ## - UNIVERSAL DECIMAL CLASSIFICATION NUMBER | |
| Universal Decimal Classification number | 82-312.9 |
| Edition identifier | 1981 |
| 100 1# - MAIN ENTRY--PERSONAL NAME | |
| Personal name | Clarke, Arthur C. |
| Fuller form of name | (Arthur Charles), |
| Dates associated with a name | 1917-2008 |
| Relationship | aut |
| 245 10 - TITLE STATEMENT | |
| Title | 2010: Druhá vesmírná odysea |
| Statement of responsibility, etc. | Arthur Charles Clarke ; přel. Zdeněk Volný, Vladimír Svoboda ; Ilustr. Jiří M. Trnka |
| 250 ## - EDITION STATEMENT | |
| Edition statement | 1. vyd. |
| 260 ## - PUBLICATION, DISTRIBUTION, ETC. | |
| Place of publication, distribution, etc. | Praha |
| Name of publisher, distributor, etc. | Práce |
| Date of publication, distribution, etc. | 1991 |
| 300 ## - PHYSICAL DESCRIPTION | |
| Extent | 235, [1] s. |
| Dimensions | 20 cm |
| 490 1# - SERIES STATEMENT | |
| Series statement | Kamarád |
| 490 0# - SERIES STATEMENT | |
| Series statement | Kamarád |
| 700 1# - ADDED ENTRY--PERSONAL NAME | |
| Personal name | Volný, Zdeněk |
| Relationship | trl |
| 700 1# - ADDED ENTRY--PERSONAL NAME | |
| Personal name | Svoboda, Vladimír |
| Relationship | aut |
| 700 1# - ADDED ENTRY--PERSONAL NAME | |
| Personal name | Trnka, Jiří M. |
| Relationship | ill |
| 830 #0 - SERIES ADDED ENTRY--UNIFORM TITLE | |
| Uniform title | Slovenská národná knižnica v Martine |
| 942 ## - ADDED ENTRY ELEMENTS (KOHA) | |
| Source of classification or shelving scheme | Dewey Decimal Classification |
| Koha item type | Krásna literatúra pre dospelých |
| Suppress in OPAC | No |
| 949 ## - LOCAL PROCESSING INFORMATION (OCLC) | |
| 6 | 17A0035564 |
| 9 | P60, <04>, [BOOK], {604} |
| a | snkID 92534 D1 |
| s | 6102:20130920 |
| 949 ## - LOCAL PROCESSING INFORMATION (OCLC) | |
| 6 | 273K0188840 |
| a | svkpoA 154339 |
| b | svkpo380774 |
| o | PV 1795/92 |
| 949 ## - LOCAL PROCESSING INFORMATION (OCLC) | |
| 6 | 17A0225218 |
| 9 | P60, <04>, [BOOK], {604} |
| a | snkID 92534 |
| Stav vyradenia | Strata | Poškodenie | Spôsob nadobudnutia | Domovská knižnica | Aktuálna knižnica | Dátum nadobudnutia | Total checkouts | Čiarový kód exemplára | Date last seen | Typ exemplára |
|---|---|---|---|---|---|---|---|---|---|---|
| Dar | Obecná knižnica Horná Štubňa | Obecná knižnica Horná Štubňa | 09.03.2026 | 4736201801 | 09.03.2026 | Krásna literatúra pre dospelých |
